000 00711nam a2200181 4500
008 180105b xxu||||| |||| 00| 0 eng d
020 _a0024016209
082 _21985
_aDC 322.042
_bB32
100 _925497
_aRivera-Batiz, Francisco L., author.
245 _aInternational finance and open economy macroeconomics /
_cFrancisco L. Rivera-Batiz, Luis Rivera-Batiz.
260 _aNew York : Macmillan ; London :
_bCollier Macmillan,
_c©1985.
300 _axx, 581 pages :
_b illustrations ;
_c24 cm.
500 _aIncludes bibliographical references and indexes.
650 0 _925498
_aInternational finance
650 0 _925499
_aMacroeconomics
700 _925500
_aRivera-Batiz, Luis, author.
942 _2ddc
_cDC
999 _c8241
_d8241